01479nam a2200313 a 4500003000900000005001700009007000300026008004100029020001800070040002500088082001600113100003700129245012400166246007600290260003800366300002800404490005000432500004300482521004200525590002800567700004800595830005700643910001400700942001400714952013600728952014200864952014201006999001701148DO-SdBNP20221110121421.0ta091130s2022 dr a a 000 0 spa d a9789945933604 aDO-SdBNPbspacBNPHU axxxxbM375m aMarte Grullón, Henrry A98182200aMi garabato libro de trazos :b4 años nivel inicial /cHenrry A. Marte Grullón ; coautor José Aníbal Portorreal aCuaderno de actividades para practicar la escritura :bgrafomotricidad bImpratex,aSanto Domingo :c2022. a218 p. :bil. ;c22 cm. aNivel inicial para niños/as de 2 a 5 años aPre-lectura, Pre-escritura, Trazados.  aDirigido a niños/as de 2 a 5 años aInventariado, 2022 / YL aPortorreal, José Aníbalecoautor981825 nNivel inicial para niños/as de 2 a 5 años981823 aYLockward 2ddccLBS1 00102ddc51708PDaBNPHUbBNPHUcCTd2022-05-23eJosé Anibal Portorreall0oxxxx M375mp2022-5148r2022-11-10w2022-11-10yLBS1 00102ddc51708PDaBNPHUbBNPHUcCTd2022-05-23eJosé Anibal Portorreall0oxxxx M375mp2022-5149r2022-11-10te. 2w2022-11-10yLBS1 00102ddc56708DSaBNPHUbBNPHUcCTd2022-05-23eJosé Anibal Portorreall0oxxxx M375mp2022-5150r2022-11-10te. 3w2022-11-10yLBS1 c52868d52868